000 00773nmm a2200265 a 4500
001 ocm000697819
003 TR-IsHL
005 20201028142942.0
008 140118s1995 tu eng
007 cr cn
020 _a9789759595005
035 _a697819
_b(N$T)
050 0 4 _aRB36
_b.Ü44 1995
090 0 4 _aRB36
_b.Ü44 1995
100 1 _aÜlker, Süreyya
245 1 0 _aPractice guide for pathology
_h[electronic resource] /
_cSüreyya Ülker
260 _aİstanbul :
_b[Yayınlayan yok],
_c1995
300 _a39 p.
650 4 _aTıp
650 4 _aMedicine
650 0 _aPatoloji
650 0 _aPathology
650 7 _aMEDICAL / Pathology
_2bisacsh
856 4 0 _uhttp://search.ebscohost.com/login.aspx?direct=true&scope=site&db=e011xww&AN=697819
999 _c8635
_d8635